European monetary unification theory, practice, and analysis

Salvato in:
Dettagli Bibliografici
Autore principale: Eichengreen, Barry
Natura: Libro
Lingua:inglese
Pubblicazione: Cambridge MIT Press 1997
Soggetti:
Tags: Aggiungi Tag
Nessun Tag, puoi essere il primo ad aggiungerne!!

MARC

LEADER 00000nam a2200000 4500
001 c114670
005 20221124074605.9
020 |a 0-262-05054-4 
041 0 |a eng 
044 |a US 
245 1 0 |a European monetary unification  |b theory, practice, and analysis  |c Barry Eichengreen 
264 1 |a Cambridge  |b MIT Press  |c 1997 
300 |a 349 s. 
610 2 0 |a mena 
610 2 0 |a peniaze 
610 2 0 |a únie menové 
610 2 0 |a trh práce 
610 2 0 |a politika menová 
610 2 0 |a ekonómia politická 
610 2 0 |a politika fiškálna 
610 2 0 |a integrácia ekonomická medzinárodná 
610 2 0 |a krajiny vyspelé 
610 2 0 |a Európska únia 
610 2 0 |a Európa 
610 2 0 |a USA 
100 1 |a Eichengreen, Barry